[Event "POL-chT 2nd League"]
[Site "Jastrzebia Gora"]
[Date "2023.09.09"]
[Round "8.24"]
[White "Bebnik, Malgorzata"]
[Black "Hampel, Anna"]
[Result "1-0"]
[WhiteElo "1842"]
[BlackElo "1644"]
[PlyCount "97"]
[EventDate "2023.09.02"]
[EventType "team-swiss"]
[EventRounds "9"]
[EventCountry "POL"]
[SourceTitle "EXT 2024"]
[Source "ChessBase"]
[SourceDate "2023.10.10"]
[SourceVersion "1"]
[SourceVersionDate "2023.10.10"]
[SourceQuality "1"]
[WhiteTeam "Bialoleka Sparta"]
[BlackTeam "Krakow AGH"]
[WhiteTeamCountry "POL"]
[BlackTeamCountry "POL"]

1. e4 e5 2. Nf3 Nc6 3. Bc4 Bc5 4. 0-0 Nf6 5. d3 d6 6. h3 h6 7. c3 a5 8. d4 exd4 9. cxd4 Ba7 10. Nc3 0-0 11. Re1 Re8 12. Bf4 Nh5 13. Bh2 g5 14. Qb3 Rf8 15. Nb5 Bb6 16. e5 a4 17. Qd1 d5 18. Be2 Ng7 19. Bg3 Bf5 20. Bd3 Qd7 21. a3 Bxd3 22. Qxd3 Ne6 23. Rad1 Na5 24. Nc3 Nc4 25. Qc2 c6 26. Re2 Bd8 27. Nxa4 Be7 28. Nc3 b5 29. Nh2 Qa7 30. Qd3 Rfb8 31. Ng4 b4 32. Nxh6+ Kg7 33. Nf5+ Kf8 34. axb4 Rxb4 35. Nh6 Kg7 36. Nf5+ Kf8 37. Qf3 Nxb2 38. Qh5 Ke8 39. Rdd2 Nc4 40. Ra2 Qb7 41. Nd6+ Nxd6 42. exd6 Rxa2 43. Nxa2 Rb1+ 44. Kh2 Kd8 45. Qxf7 Bxd6 46. Qg8+ Bf8 47. Rxe6 Qg7 48. Rd6+ Ke7 49. Qe6# 1-0

[Event "POL-chT 2nd League"]
[Site "Jastrzebia Gora"]
[Date "2022.09.03"]
[Round "1.78"]
[White "Budkiewicz, Magdalena"]
[Black "Bebnik, Malgorzata"]
[Result "0-1"]
[WhiteElo "1786"]
[BlackElo "1846"]
[PlyCount "120"]
[EventDate "2022.09.03"]
[EventType "team-swiss"]
[EventRounds "9"]
[EventCountry "POL"]
[SourceTitle "CBM 210 Extra"]
[Source "ChessBase"]
[SourceDate "2022.11.30"]
[SourceVersion "1"]
[SourceVersionDate "2022.11.30"]
[SourceQuality "1"]
[WhiteTeam "Krakow Gens Una Sumus"]
[BlackTeam "Bialoleka Sparta"]
[WhiteTeamCountry "POL"]
[BlackTeamCountry "POL"]

1. e4 c5 2. Nf3 Nc6 3. d4 cxd4 4. Nxd4 Nf6 5. Nc3 e6 6. Ndb5 Bb4 7. a3 Bxc3+ 8. Nxc3 d5 9. Bd3 d4 10. Ne2 e5 11. h3 0-0 12. 0-0 h6 13. Ng3 Qe7 14. b4 a6 15. Bb2 Rd8 16. Qf3 Nh7 17. Rfd1 Rd6 18. c3 Be6 19. Rac1 Rad8 20. cxd4 Nxd4 21. Qe3 Qd7 22. f4 exf4 23. Qxf4 Ng5 24. h4 Ndf3+ 25. Kh1 Rxd3 26. Rf1 Qd6 27. Qxd6 R8xd6 28. hxg5 Nxg5 29. Be5 Rd8 30. Rc7 Rxa3 31. Rxb7 Re3 32. Bf4 Nxe4 33. Bxe3 Nxg3+ 34. Kg1 Nxf1 35. Kxf1 Bc4+ 36. Kf2 Bb5 37. Rb6 Rd7 38. g3 Kh7 39. Bf4 Re7 40. Be3 Re6 41. Rb8 Kg6 42. Rd8 Kh5 43. Rd5+ g5 44. Rf5 Kg6 45. Rd5 Rc6 46. Bc5 Re6 47. Bd6 Re2+ 48. Kg1 Kh5 49. Rd4 f5 50. Bc7 Re4 51. Bb6 Rxd4 52. Bxd4 Kg4 53. Kf2 f4 54. Be5 h5 55. Bd6 fxg3+ 56. Bxg3 h4 57. Bd6 Kh3 58. Kg1 g4 59. Be7 g3 60. Bf6 Kg4 0-1

[Event "Warsaw Maciei Memorial"]
[Site "Warsaw"]
[Date "2022.07.08"]
[Round "3"]
[White "Bebnik, Malgorzata"]
[Black "Mickiewicz, Piotr"]
[Result "0-1"]
[WhiteElo "1788"]
[BlackElo "2284"]
[PlyCount "61"]
[EventDate "2022.07.08"]
[EventType "swiss (blitz)"]
[EventRounds "11"]
[EventCountry "POL"]
[SourceTitle "CBM 209 Extra"]
[Source "ChessBase"]
[SourceDate "2022.09.30"]
[SourceVersion "1"]
[SourceVersionDate "2022.09.30"]
[SourceQuality "1"]

1. d4 Nf6 2. c4 d6 3. Nc3 Nbd7 4. e4 e5 5. d5 Nc5 6. Qc2 a5 7. Be3 Be7 8. Be2 0-0 9. Nf3 b6 10. h3 Ne8 11. g4 g6 12. 0-0-0 Ng7 13. Nd2 Bg5 14. Rdf1 Bd7 15. f4 exf4 16. Bxf4 Qe7 17. h4 Bxf4 18. Rxf4 Rae8 19. h5 h6 20. hxg6 fxg6 21. Rhf1 Qg5 22. Rxf8+ Rxf8 23. Rxf8+ Kxf8 24. Qd1 Ne8 25. Kb1 Nf6 26. Qf1 Kg7 27. Qf3 Qxd2 28. e5 Qe1+ 29. Kc2 dxe5 30. Qe3 Nxg4 31. Qf3 0-1

[Event "Lazy Baltic Pearl op-A 17th"]
[Site "Lazy"]
[Date "2021.07.02"]
[Round "6"]
[White "Bebnik, Malgorzata"]
[Black "Ciszewski, Krzysztof"]
[Result "0-1"]
[WhiteElo "1735"]
[BlackElo "1667"]
[PlyCount "66"]
[EventDate "2021.06.27"]
[EventType "swiss"]
[EventRounds "9"]
[EventCountry "POL"]
[SourceTitle "EXT 2022"]
[Source "ChessBase"]
[SourceDate "2021.10.06"]
[SourceVersion "1"]
[SourceVersionDate "2021.10.06"]
[SourceQuality "1"]

1. d4 Nf6 2. c4 g6 3. Nc3 Bg7 4. e4 d6 5. Nf3 0-0 6. h3 e5 7. d5 Na6 8. Be3 Bd7 9. g4 Nc5 10. Nd2 a5 11. Be2 c6 12. g5 Ne8 13. h4 cxd5 14. cxd5 Qe7 15. h5 a4 16. a3 Nc7 17. Rg1 b5 18. Qc2 Rfb8 19. Bg4 N7a6 20. b4 axb3 21. Nxb3 b4 22. Ne2 Bxg4 23. Rxg4 bxa3 24. Nxc5 dxc5 25. Bd2 Nb4 26. Bxb4 cxb4 27. hxg6 b3 28. gxh7+ Kh8 29. Qb1 a2 30. Qb2 Qa3 31. Qxa3 Rxa3 32. Nc3 b2 33. Rxa2 Rxa2 0-1

[Event "FIDE World Uni Blitz-A 1st"]
[Site "Tornelo INT"]
[Date "2021.03.13"]
[Round "9.70"]
[White "Bebnik, Malgorzata"]
[Black "Grammatikaki, Aggeliki"]
[Result "1-0"]
[WhiteElo "1758"]
[BlackElo "1682"]
[PlyCount "113"]
[EventDate "2021.03.13"]
[EventType "swiss (blitz)"]
[EventRounds "10"]
[EventCountry "NET"]
[SourceTitle "EXT 2022"]
[Source "ChessBase"]
[SourceDate "2021.10.06"]
[SourceVersion "1"]
[SourceVersionDate "2021.10.06"]
[SourceQuality "1"]

1. d4 Nf6 2. c4 e6 3. Nc3 Bb4 4. Qc2 Bxc3+ 5. bxc3 b6 6. Bg5 h6 7. Bh4 Bb7 8. Nf3 d6 9. e3 Nbd7 10. Bd3 0-0 11. e4 c5 12. 0-0 Qc7 13. Nd2 Rac8 14. f4 cxd4 15. cxd4 d5 16. e5 dxc4 17. Nxc4 Nd5 18. Qe2 Nc3 19. Qg4 Be4 20. Bxe4 Nxe4 21. Nd6 Nxd6 22. exd6 Qxd6 23. f5 exf5 24. Rxf5 Rc4 25. Rf4 g5 26. Bxg5 hxg5 27. Qxg5+ Qg6 28. Qd5 Rc7 29. h3 Nf6 30. Qe5 Rc6 31. Raf1 Re6 32. Qc7 Kg7 33. Qxa7 Qe4 34. Rxe4 Nxe4 35. Qa3 f5 36. Qf3 Kf6 37. Re1 Rfe8 38. d5 Re5 39. Rd1 Nd6 40. Qb3 Re3 41. Qxb6 Ke5 42. Qxe3+ Ne4 43. d6 Rd8 44. d7 Ke6 45. Qb6+ Ke7 46. a4 Rxd7 47. Rxd7+ Kxd7 48. Qb5+ Kc7 49. Qxf5 Nd6 50. Qf6 Nb7 51. h4 Nc5 52. a5 Na6 53. Qxa6 Kd7 54. Qb6 Ke7 55. a6 Kf7 56. a7 Ke7 57. a8Q 1-0

[Event "FIDE World Uni Blitz-A 1st"]
[Site "Tornelo INT"]
[Date "2021.03.13"]
[Round "4.26"]
[White "Bebnik, Malgorzata"]
[Black "Lin, Dachey"]
[Result "0-1"]
[WhiteElo "1758"]
[BlackElo "2222"]
[PlyCount "60"]
[EventDate "2021.03.13"]
[EventType "swiss (blitz)"]
[EventRounds "10"]
[EventCountry "NET"]
[SourceTitle "EXT 2022"]
[Source "ChessBase"]
[SourceDate "2021.10.06"]
[SourceVersion "1"]
[SourceVersionDate "2021.10.06"]
[SourceQuality "1"]

1. d4 Nf6 2. c4 c5 3. e3 e6 4. Nc3 Be7 5. Nf3 0-0 6. Bd3 cxd4 7. exd4 d5 8. Bf4 dxc4 9. Bxc4 Nbd7 10. 0-0 Nb6 11. Bb3 Bd7 12. Rc1 Rc8 13. Ne5 Bc6 14. h3 Bd5 15. Bc2 Nc4 16. Nxc4 Bxc4 17. Re1 Qb6 18. b3 Bd5 19. Nxd5 Nxd5 20. Qd3 Rxc2 21. Rxc2 Nxf4 22. Qe4 Nd5 23. Rec1 Bf6 24. Rc8 g6 25. Rxf8+ Kxf8 26. Rc8+ Kg7 27. g4 Qxd4 28. Qe2 Qa1+ 29. Kh2 Be5+ 30. Kg2 Nf4+ 0-1

[Event "POL-chT Academic"]
[Site "Katowice"]
[Date "2020.11.15"]
[Round "8.6"]
[White "Bebnik, Malgorzata"]
[Black "Mazur, Anna"]
[Result "0-1"]
[WhiteElo "1761"]
[BlackElo "1731"]
[PlyCount "112"]
[EventDate "2020.11.14"]
[EventType "team-swiss (rapid)"]
[EventRounds "9"]
[EventCountry "POL"]
[SourceTitle "CBM 199 Extra"]
[Source "ChessBase"]
[SourceDate "2021.01.31"]
[SourceVersion "1"]
[SourceVersionDate "2021.01.31"]
[SourceQuality "1"]
[WhiteTeam "Warszawa Kozminskiego Akad"]
[BlackTeam "Gliwice Politechnika Slaska"]
[WhiteTeamCountry "POL"]
[BlackTeamCountry "POL"]

1. d4 Nf6 2. c4 e6 3. Nc3 d5 4. e3 Be7 5. Nf3 0-0 6. Be2 a6 7. 0-0 dxc4 8. Bxc4 b5 9. Bd3 Bb7 10. a3 c5 11. dxc5 Bxc5 12. b4 Be7 13. Bb2 Nbd7 14. Nd4 Ne5 15. Be2 Rc8 16. Qb3 Nd5 17. Rfd1 Bd6 18. Ne4 Nc4 19. Nxd6 Qxd6 20. Bf3 Qe7 21. a4 Nxb2 22. Qxb2 Nc3 23. Rdc1 Nxa4 24. Qb3 Bxf3 25. Nxf3 Rc7 26. Rxc7 Qxc7 27. Rd1 Rc8 28. Ng5 Qe7 29. Nf3 h6 30. h3 Rc4 31. Rb1 Nc3 32. Rb2 Nd5 33. Qa3 Nxb4 34. Nd4 Qc7 35. g3 Qc5 36. Nb3 Qb6 37. Na5 Rc1+ 38. Kh2 Nd5 39. Rd2 Rc3 40. Qa1 b4 41. Nb3 Rxb3 42. Qd1 a5 43. Qxb3 Qb5 44. e4 Nf6 45. Rd8+ Kh7 46. Rd2 a4 47. Qb1 b3 48. e5+ g6 49. exf6 a3 50. h4 b2 51. h5 Qxh5+ 52. Kg2 Qb5 53. Rd1 Qb3 54. Rd3 Qb7+ 55. Kg1 a2 56. Qxa2 b1Q+ 0-1

[Event "Solta Amateur op"]
[Site "Grohote"]
[Date "2018.06.29"]
[Round "7"]
[White "Bebnik, Malgorzata"]
[Black "Soldo, Robert"]
[Result "0-1"]
[WhiteElo "1721"]
[BlackElo "2092"]
[PlyCount "110"]
[EventDate "2018.06.24"]
[EventType "swiss"]
[EventRounds "9"]
[EventCountry "CRO"]
[SourceTitle "CBM 185 Extra"]
[Source "ChessBase"]
[SourceDate "2018.07.29"]
[SourceVersion "1"]
[SourceVersionDate "2018.07.29"]
[SourceQuality "1"]

1. d4 Nf6 2. c4 e6 3. Nc3 Bb4 4. Bd2 0-0 5. Nf3 d5 6. e3 c5 7. dxc5 Bxc5 8. cxd5 exd5 9. g3 Nc6 10. Ne2 Bg4 11. Bg2 d4 12. exd4 Nxd4 13. Nexd4 Bxd4 14. 0-0 Bxb2 15. Rb1 Ba3 16. Qb3 Bc5 17. Bf4 Bf5 18. Rb2 Be4 19. Rd1 Qc8 20. Ne5 Bxg2 21. Kxg2 b6 22. Rbd2 h6 23. Nd7 Nxd7 24. Rxd7 Qc6+ 25. Kg1 Rae8 26. Qd3 a5 27. Be3 Bxe3 28. fxe3 Qf3 29. Re1 Re6 30. Rd6 Rfe8 31. Rd8 h5 32. Qd7 Rxd8 33. Qxd8+ Kh7 34. Qd3+ Qe4 35. Qb5 g6 36. Qb2 Rc6 37. Qb3 Rf6 38. Rf1 Rxf1+ 39. Kxf1 Qh1+ 40. Kf2 Qxh2+ 41. Kf3 Qh1+ 42. Kf2 Qb7 43. Qc3 Qd7 44. Qb3 b5 45. Qc3 b4 46. Qc4 Qe6 47. Qe2 a4 48. Kg2 Qe4+ 49. Kg1 b3 50. axb3 axb3 51. Qb2 Qxe3+ 52. Kh2 Qd3 53. Qf6 Qf5 54. Qd4 Qc2+ 55. Kh3 b2 0-1

[Event "POL-ch U18 Girls"]
[Site "Karpacz"]
[Date "2015.??.??"]
[Round "2"]
[White "Bebnik, Malgorzata"]
[Black "Bebel, Agnieszka"]
[Result "0-1"]
[WhiteElo "1623"]
[BlackElo "1719"]
[PlyCount "104"]
[EventDate "2015.03.??"]
[EventType "swiss"]
[EventRounds "9"]
[EventCountry "POL"]
[SourceTitle "EXT 2017"]
[Source "ChessBase"]
[SourceDate "2016.10.25"]
[SourceVersion "1"]
[SourceVersionDate "2016.10.25"]
[SourceQuality "1"]

1. e4 c5 2. Nf3 e6 3. d4 cxd4 4. Nxd4 a6 5. Bd3 Qc7 6. 0-0 Nf6 7. Qe2 Nc6 8. Nxc6 dxc6 9. c4 e5 10. h3 Bd6 11. Be3 Be6 12. Nc3 0-0 13. c5 Be7 14. b4 a5 15. a3 axb4 16. axb4 Rxa1 17. Rxa1 h6 18. Rf1 g5 19. h4 Ng4 20. Bd2 Qd7 21. Nd1 Rd8 22. Nb2 Qd4 23. Be1 Ra8 24. Qc2 Ra3 25. Bc4 Bc8 26. Bb3 Nf6 27. Nc4 Ra1 28. Bc3 Rxf1+ 29. Kxf1 Qxe4 30. Qxe4 Nxe4 31. Bxe5 Be6 32. hxg5 Bxc4+ 33. Bxc4 Nd2+ 34. Ke2 Nxc4 35. Bd4 Bxg5 36. Kd3 Na3 37. Be5 f6 38. Bg3 f5 39. Be5 Nb5 40. Ke2 Kf7 41. Kd3 Ke6 42. Bg7 h5 43. Bb2 Kd5 44. Ba1 Bc1 45. Bc3 Nxc3 46. Kxc3 h4 47. Kd3 Bf4 48. Kc3 Be5+ 49. Kb3 Kd4 50. f3 Ke3 51. Kc4 Kf2 52. b5 Kxg2 0-1

[Event "POL-ch U18 Girls"]
[Site "Karpacz"]
[Date "2015.??.??"]
[Round "3"]
[White "Bebnik, Malgorzata"]
[Black "Kopica, Paulina"]
[Result "1-0"]
[WhiteElo "1623"]
[BlackElo "1820"]
[PlyCount "107"]
[EventDate "2015.03.??"]
[EventType "swiss"]
[EventRounds "9"]
[EventCountry "POL"]
[SourceTitle "EXT 2017"]
[Source "ChessBase"]
[SourceDate "2016.10.25"]
[SourceVersion "1"]
[SourceVersionDate "2016.10.25"]
[SourceQuality "1"]

1. d4 Nf6 2. c4 g6 3. Nc3 d5 4. e3 Bg7 5. Nf3 0-0 6. cxd5 Nxd5 7. Bc4 Nb6 8. Bb3 N8d7 9. 0-0 c5 10. Qe2 a6 11. Rd1 Qc7 12. a3 Nf6 13. h3 Bd7 14. Bd2 Rac8 15. dxc5 Qxc5 16. Rac1 Qh5 17. Nd4 Qxe2 18. Ncxe2 Ba4 19. Bxa4 Nxa4 20. b3 Nb6 21. a4 Nbd5 22. f3 e5 23. Nc2 e4 24. Nb4 Nb6 25. a5 Nbd7 26. Nc3 Nc5 27. Nbd5 Rfe8 28. Nb6 Rc7 29. Ncd5 Nxd5 30. Nxd5 Rc6 31. Bb4 Bf8 32. Bxc5 Bxc5 33. Rxc5 Rxc5 34. Nf6+ Kf8 35. Nd7+ Kg7 36. Nxc5 exf3 37. gxf3 Rxe3 38. Kf2 Rc3 39. b4 Rc4 40. Rb1 h5 41. Rb2 Kf6 42. Nxb7 Rc7 43. Nc5 Rc6 44. Rd2 g5 45. Rd5 Kg6 46. Kg3 f5 47. f4 h4+ 48. Kf3 Kf6 49. Rd7 gxf4 50. Kxf4 Kg6 51. Ra7 Kh5 52. Rxa6 Rxc5 53. Rh6+ Kxh6 54. bxc5 1-0

[Event "POL-chT U19 1st League"]
[Site "Maslow Pierwszy"]
[Date "2014.08.02"]
[Round "9"]
[White "Dmochowska, Agnieszka"]
[Black "Bebnik, Malgorzata"]
[Result "1-0"]
[WhiteElo "1876"]
[BlackElo "1601"]
[PlyCount "75"]
[EventDate "2014.07.25"]
[EventType "team-tourn"]
[EventRounds "9"]
[EventCountry "POL"]
[SourceTitle "EXT 2015"]
[Source "ChessBase"]
[SourceDate "2014.11.20"]
[SourceVersion "1"]
[SourceVersionDate "2014.11.20"]
[SourceQuality "1"]
[WhiteTeam "Wroclaw MUKS MDK Srodmiescie U19"]
[BlackTeam "Tomaszow Lubelski UKS GIM Dwojka U19"]
[WhiteTeamCountry "POL"]
[BlackTeamCountry "POL"]

1. d4 d5 2. c4 c6 3. Nc3 Nf6 4. Nf3 e6 5. e3 Be7 6. Qc2 a6 7. Bd3 Nbd7 8. 0-0 dxc4 9. Bxc4 b5 10. Bd3 Bb7 11. e4 h6 12. Be3 Rc8 13. Rad1 0-0 14. Qe2 Qc7 15. e5 Nd5 16. Bxh6 gxh6 17. Qe4 N5f6 18. exf6 Nxf6 19. Qh4 Kg7 20. Ne5 Rh8 21. f4 c5 22. d5 c4 23. Bb1 b4 24. dxe6 Qb6+ 25. Kh1 Qxe6 26. Ne2 Rcg8 27. Nd4 Qc8 28. Nf5+ Kf8 29. Nd7+ Qxd7 30. Rxd7 Bxg2+ 31. Kg1 Bc6+ 32. Ng3 Bc5+ 33. Rf2 Bxf2+ 34. Kxf2 Ng4+ 35. Ke1 Bxd7 36. Qd8+ Be8 37. Qd6+ Kg7 38. Nh5# 1-0

[Event "Golden Rook op 56th"]
[Site "Chotowa"]
[Date "2014.06.10"]
[Round "3"]
[White "Sosnowska, Elzbieta"]
[Black "Bebnik, Malgorzata"]
[Result "1-0"]
[WhiteElo "1894"]
[BlackElo "1580"]
[PlyCount "97"]
[EventDate "2014.06.08"]
[EventType "team-swiss"]
[EventRounds "9"]
[EventCountry "POL"]
[SourceTitle "EXT 2015"]
[Source "ChessBase"]
[SourceDate "2014.11.20"]
[SourceVersion "1"]
[SourceVersionDate "2014.11.20"]
[SourceQuality "1"]

1. e4 e5 2. Nc3 Bc5 3. f4 exf4 4. Nf3 g5 5. d4 Bb6 6. h4 g4 7. Ne5 d6 8. Nxg4 h5 9. Nf2 Nf6 10. Bxf4 Ng4 11. Nd5 Nxf2 12. Kxf2 Bg4 13. Qd2 f6 14. c3 c6 15. Nxb6 axb6 16. Bc4 Qe7 17. Rhe1 Nd7 18. Qe3 0-0-0 19. Qg3 Nf8 20. Qe3 Ng6 21. Bg3 Rhf8 22. Kg1 Rde8 23. Qd3 Nh8 24. b4 Qd7 25. a4 f5 26. exf5 Bxf5 27. Rxe8+ Rxe8 28. Qf3 Bg4 29. Qf6 Kc7 30. b5 Qe7 31. Rf1 Qd7 32. Kh2 Be6 33. bxc6 bxc6 34. d5 Bxd5 35. Bxd5 cxd5 36. Rf5 Re7 37. Rxd5 Nf7 38. a5 b5 39. Qd4 Qc6 40. Qa7+ Kc8 41. Rxd6 Nxd6 42. Qxe7 Ne4 43. Qf8+ Kd7 44. Qf7+ Kc8 45. Qxh5 Nxc3 46. Qe5 Nd5 47. a6 Nc7 48. a7 Kb7 49. Qxc7+ 1-0

[Event "Golden Rook op 56th"]
[Site "Chotowa"]
[Date "2014.06.09"]
[Round "1"]
[White "Swiech, Joanna"]
[Black "Bebnik, Malgorzata"]
[Result "0-1"]
[WhiteElo "1634"]
[BlackElo "1580"]
[PlyCount "176"]
[EventDate "2014.06.08"]
[EventType "team-swiss"]
[EventRounds "9"]
[EventCountry "POL"]
[SourceTitle "EXT 2015"]
[Source "ChessBase"]
[SourceDate "2014.11.20"]
[SourceVersion "1"]
[SourceVersionDate "2014.11.20"]
[SourceQuality "1"]

1. c4 e5 2. Nc3 f5 3. g3 Nf6 4. Bg2 Bc5 5. d3 h6 6. Nf3 d6 7. 0-0 Nc6 8. e3 Bb6 9. d4 0-0 10. a3 a6 11. b4 e4 12. Nd2 d5 13. Bb2 Be6 14. cxd5 Nxd5 15. Rc1 Nxc3 16. Rxc3 Ne7 17. Nc4 Nd5 18. Rc1 Qe7 19. Ne5 Rfd8 20. Qh5 Qe8 21. Qxe8+ Rxe8 22. Rfd1 Rad8 23. Bf1 c6 24. Bc4 Rc8 25. Bxd5 cxd5 26. Ng6 Rxc1 27. Rxc1 Bd7 28. Kf1 Bb5+ 29. Ke1 Kf7 30. Ne5+ Kf6 31. Kd2 a5 32. Bc3 a4 33. Bb2 g5 34. f3 exf3 35. Nxf3 f4 36. Re1 fxe3+ 37. Rxe3 Rf8 38. Ne5 Kg7 39. Rf3 Rxf3 40. Nxf3 Kf6 41. Ke3 Kf5 42. Bc1 Bc7 43. Bd2 h5 44. Be1 Bd6 45. Bd2 h4 46. gxh4 Bf4+ 47. Kf2 Bxd2 48. Nxd2 gxh4 49. Kf3 Bd3 50. h3 Kg5 51. Ke3 Bf5 52. Nf3+ Kh5 53. Ng1 Kg5 54. Nf3+ Kh5 55. Ng1 Be4 56. Kf4 Bg2 57. Kf5 b6 58. Kf4 Be4 59. Ne2 Bg2 60. Ng1 Bf1 61. Kf5 Bd3+ 62. Kf4 Kg6 63. Nf3 Kh5 64. Ng1 Bf1 65. Kf5 Bg2 66. Kf4 Kg6 67. Kg4 Kf6 68. Kf4 Ke6 69. Kg4 Bf1 70. Kf4 Kd6 71. Ke3 Kc6 72. Kd2 Kb5 73. Kc3 Bg2 74. Kd3 Be4+ 75. Kc3 Bg6 76. Nf3 Bf5 77. Nxh4 Be4 78. Kd2 Kc4 79. Ke3 Kb3 80. Nf3 Kxa3 81. Nd2 Bh7 82. b5 Kb2 83. Nc4+ dxc4 84. d5 c3 85. d6 c2 86. d7 c1Q+ 87. Ke2 Qc7 88. h4 Qxd7 0-1

[Event "Olsztyn op U18 blitz"]
[Site "Olsztyn"]
[Date "2013.08.03"]
[Round "2"]
[White "Kiolbasa, Oliwia"]
[Black "Bebnik, Malgorzata"]
[Result "1-0"]
[WhiteElo "1955"]
[BlackElo "1556"]
[PlyCount "39"]
[EventDate "2013.08.03"]
[EventType "swiss (blitz)"]
[EventRounds "22"]
[EventCountry "POL"]
[SourceTitle "CBM 155 Extra"]
[Source "ChessBase"]
[SourceDate "2013.08.26"]
[SourceVersion "1"]
[SourceVersionDate "2013.08.26"]
[SourceQuality "1"]

1. e4 e5 2. Nf3 Nc6 3. Bc4 Bc5 4. 0-0 Nf6 5. d4 Nxd4 6. Nxe5 0-0 7. Be3 Ne6 8. Bxe6 Bxe3 9. Bxf7+ Rxf7 10. Nxf7 Kxf7 11. fxe3 Kg8 12. e5 d5 13. exf6 gxf6 14. Nc3 c6 15. Qf3 Be6 16. Qxf6 Qd7 17. Rad1 c5 18. Ne4 Re8 19. Qg5+ Kh8 20. Nf6 1-0

[Event "POL-chT U19 44th"]
[Site "Karpacz"]
[Date "2013.07.27"]
[Round "6"]
[White "Wisniowska, Klaudia"]
[Black "Bebnik, Malgorzata"]
[Result "1-0"]
[WhiteElo "2178"]
[BlackElo "1556"]
[PlyCount "75"]
[EventDate "2013.07.22"]
[EventType "team-tourn"]
[EventRounds "9"]
[EventCountry "POL"]
[SourceTitle "EXT 2014"]
[Source "ChessBase"]
[SourceDate "2013.11.20"]
[SourceVersion "1"]
[SourceVersionDate "2013.11.20"]
[SourceQuality "1"]
[WhiteTeam "Gorzow Wielkopolski Stilon U19"]
[BlackTeam "Tomaszow Lubelski UKS GIM Dwojka U19"]
[WhiteTeamCountry "POL"]
[BlackTeamCountry "POL"]

1. e4 e5 2. Nf3 Nc6 3. Bb5 Bc5 4. 0-0 Qf6 5. c3 Nge7 6. d3 h6 7. Be3 Bb6 8. d4 exd4 9. cxd4 0-0 10. e5 Qe6 11. Nc3 d5 12. Ne2 Ng6 13. Ng3 f6 14. exf6 Qxf6 15. Qb3 Be6 16. Rad1 Rad8 17. Bxc6 bxc6 18. Ne1 Nh4 19. Qc3 Bd7 20. f3 Rde8 21. Bf2 Nf5 22. Nxf5 Bxf5 23. Nd3 Re2 24. Rfe1 Rfe8 25. Nc5 Kh7 26. Rxe2 Rxe2 27. Rd2 Qe7 28. Kf1 Rxd2 29. Qxd2 Bxc5 30. dxc5 Bb1 31. a3 Ba2 32. Qc2+ Kh8 33. b3 Bxb3 34. Qxb3 Qe5 35. g3 a6 36. Qe3 Qf6 37. Kg2 Qf7 38. Qd3 1-0

[Event "Karpacz op"]
[Site "Karpacz"]
[Date "2013.07.25"]
[Round "4"]
[White "Bebnik, Malgorzata"]
[Black "Jankowiak, Piotr"]
[Result "1/2-1/2"]
[WhiteElo "1556"]
[BlackElo "1547"]
[PlyCount "81"]
[EventDate "2013.07.22"]
[EventType "swiss"]
[EventRounds "9"]
[EventCountry "POL"]
[SourceTitle "EXT 2014"]
[Source "ChessBase"]
[SourceDate "2013.11.20"]
[SourceVersion "1"]
[SourceVersionDate "2013.11.20"]
[SourceQuality "1"]

1. d4 Nf6 2. c4 c5 3. e3 e6 4. Nc3 cxd4 5. exd4 d5 6. Nf3 Nc6 7. cxd5 Nxd5 8. Bc4 Nxc3 9. bxc3 g6 10. 0-0 Bg7 11. Ba3 Ne7 12. Qe1 Bf6 13. Ne5 h5 14. Bb5+ Kf8 15. Qe4 Qa5 16. Bxe7+ Kxe7 17. Bd3 Rd8 18. Rfc1 Bxe5 19. dxe5 Rd5 20. f4 Bd7 21. c4 Qb6+ 22. Kh1 Rd4 23. Qe3 Bc6 24. Rab1 Qd8 25. Be2 Qd7 26. Bf3 Rd8 27. h3 Qc7 28. Be2 Qa5 29. Qg3 Qxa2 30. Bf3 Rxc4 31. Rd1 Rxd1+ 32. Rxd1 Bd5 33. Bxd5 exd5 34. Qg5+ Ke8 35. Qf6 Re4 36. Qh8+ Kd7 37. Rc1 Rc4 38. Rd1 Rxf4 39. Qf8 d4 40. Qd6+ Ke8 41. e6 1/2-1/2

[Event "Ogolnopolski-ch 55th"]
[Site "Zamosc"]
[Date "2013.??.??"]
[Round "4.32"]
[White "Bebnik, Malgorzata"]
[Black "Kochanska, Bogumila"]
[Result "1-0"]
[WhiteElo "1551"]
[BlackElo "1656"]
[PlyCount "97"]
[EventDate "2013.06.07"]
[EventType "swiss"]
[EventRounds "9"]
[EventCountry "POL"]
[SourceTitle "EXT 2014"]
[Source "ChessBase"]
[SourceDate "2013.11.20"]
[SourceVersion "1"]
[SourceVersionDate "2013.11.20"]
[SourceQuality "1"]

1. d4 d5 2. Bf4 Nf6 3. Nf3 Bf5 4. e3 e6 5. Nbd2 Be7 6. h3 0-0 7. c4 c5 8. cxd5 Qxd5 9. Bc4 Qd8 10. 0-0 Nbd7 11. dxc5 Bxc5 12. Nb3 Be7 13. Qe2 Rc8 14. Rfd1 Qb6 15. Bd3 Bxd3 16. Rxd3 Nc5 17. Nxc5 Rxc5 18. Rb3 Qc6 19. Ne5 Qc8 20. Rd3 Nd5 21. Bg3 f6 22. Nf3 e5 23. Rd2 Nb6 24. Rad1 Qe6 25. a3 Rfc8 26. Kh1 Rc1 27. Rxc1 Rxc1+ 28. Rd1 Rxd1+ 29. Qxd1 Nc4 30. Qa4 Qc6 31. Qb3 Kf8 32. Kh2 Nd6 33. Nd2 Qc1 34. Nf3 b6 35. Qd5 a5 36. Qa8+ Ne8 37. Qe4 g6 38. Qh4 h5 39. Qe4 Kg7 40. Nh4 f5 41. Bxe5+ Nf6 42. Qb7 Kf7 43. Bxf6 Kxf6 44. Qxb6+ Kf7 45. Qxg6+ Kf8 46. Qxf5+ Ke8 47. Qxh5+ Kd7 48. Nf5 Qc5 49. Qd1+ 1-0

[Event "POL-ch U16 Girls"]
[Site "Szczyrk"]
[Date "2013.??.??"]
[Round "3"]
[White "Dadello, Aleksandra"]
[Black "Bebnik, Malgorzata"]
[Result "1/2-1/2"]
[WhiteElo "1909"]
[BlackElo "1503"]
[PlyCount "100"]
[EventDate "2013.03.17"]
[EventType "swiss"]
[EventRounds "9"]
[EventCountry "POL"]
[SourceTitle "CBM 153 Extra"]
[Source "ChessBase"]
[SourceDate "2013.04.22"]
[SourceVersion "1"]
[SourceVersionDate "2013.04.22"]
[SourceQuality "1"]

1. e4 e5 2. Nf3 Nc6 3. Bc4 Bc5 4. d3 h6 5. c3 Nf6 6. b4 Bb6 7. b5 Ne7 8. Nxe5 0-0 9. 0-0 d6 10. Nf3 Ng6 11. Nbd2 Be6 12. a4 c6 13. Ba3 Re8 14. Re1 Qd7 15. Qc2 Bg4 16. d4 Nf4 17. Bf1 Bh5 18. bxc6 bxc6 19. e5 Qg4 20. Kh1 Bg6 21. Qd1 dxe5 22. Nxe5 Qc8 23. Qf3 N4d5 24. Nxg6 fxg6 25. Nc4 Bc7 26. Ne5 Bxe5 27. dxe5 Ng4 28. Bd6 Qf5 29. Kg1 h5 30. Bd3 Qe6 31. h3 Nh6 32. Be4 Nf5 33. Bxf5 Qxf5 34. Qxf5 gxf5 35. Ra3 Rad8 36. Rb1 Nb6 37. Bc7 Nc4 38. Ra2 Rd7 39. Rb8 Rxb8 40. Bxb8 Rb7 41. Bd6 Rd7 42. Ra1 Nxd6 43. Rd1 Kf7 44. exd6 Ke6 45. f4 Rxd6 46. Re1+ Kd7 47. Re5 Rd5 48. Re2 Rc5 49. Rb2 Kc7 50. Re2 Kd7 1/2-1/2